A beszélő, avagy megtarthat-e a kultúra, és ha igen, miért nem?
Elmentve itt :
| Szerző: | |
|---|---|
| Adatforrás: | Meister |
| Forrásdokumentuma: | A Hét. - 7 sz., 1994, 8-9 p. |
| Nyelv: | magyar |
| Kulcsszavak: | irodalomtörténet VARGAS LLIOSA Mario |
| LEADER | 00400nab a2200133 i 4500 | ||
|---|---|---|---|
| 001 | bibPRO00005592 | ||
| 008 | 060524s1994 xx hun | ||
| 040 | |a Sz1 | ||
| 041 | |a hun | ||
| 100 | 1 | |a BOGDÁN László | |
| 245 | 1 | 2 | |a A beszélő, avagy megtarthat-e a kultúra, és ha igen, miért nem? |c BOGDÁN László |
| 695 | |a irodalomtörténet | ||
| 695 | |a VARGAS LLIOSA Mario | ||
| 773 | 0 | |t A Hét. - |g 7 sz., 1994, 8-9 p. | |